01593 am a2200349 a 450000500170000000800410001702000150005804100080007324500960008125001130017726000510029030000120034150001720035365300250052565300730055065300590062365300510068265300640073365300590079765300460085665300510090265300480095365300220100165300680102365300320109165300190112365300190114265300180116170000180117970000250119770000210122220240523133429.0100311s2007||||mx a f |||| 001 0 spa d a9701057392 aspa aGoodman & Gilman. bLas bases farmacológicas de la terapéutica / cLaurence L. Brunton a11a ed.bTraducción José Rafael Blengio Pinto ; Jorge Orizaga Sampiero y Ana María Pérez-Tamayo Ruiz aMéxico: bMcGraw-Hill Interamericana;c2007. a2017 p. aBrunton, L. L., Lazo, J. S. y Parker, K. L. (2007). Goodman & Gilman. Las bases farmacológicas de la terapéutica. (11a ed.). México : McGraw-Hill Interamericana. aPrincipios generales aFármacos con acciones en las uniones sinápticas y neuroefectoras aFármacos con acción en el sistema nervioso central aAutacoides: farmacoterapia de la inflamación aFármacos que afectan las funciones renal y cardiovascular aMedicamentos que afectan la función gastrointestinal aQuimioterapia de infecciones parasitarias aFarmacoterapia de las enfermedades microbianas aQuimioterapia de enfermedades neoplásicas aInmunomoduladores aFármacos que actúan en sangre y órganos hematopoyéticos aHormonas y sus antagonistas aDermatología aOftalmología aToxicología1 aLazo, Jhon S.1 aBrunton, Laurence L.1 aParker, Keith L.